Lí thuyết giá cả và sự vận dụng
Zapisane w:
| 1. autor: | |
|---|---|
| Format: | Książka |
| Język: | Undetermined |
| Wydane: |
Hà Nội
KHKT
1996
|
| Hasła przedmiotowe: | |
| Etykiety: |
Dodaj etykietę
Nie ma etykietki, Dołącz pierwszą etykiete!
|
| Thư viện lưu trữ: | Trung tâm Học liệu Trường Đại học Cần Thơ |
|---|
| LEADER | 00489nam a2200169Ia 4500 | ||
|---|---|---|---|
| 001 | CTU_27585 | ||
| 008 | 210402s9999 xx 000 0 und d | ||
| 082 | |a 338.521 | ||
| 082 | |b H669 | ||
| 100 | |a Jack Hirshleifer | ||
| 245 | 0 | |a Lí thuyết giá cả và sự vận dụng | |
| 245 | 0 | |c Jack Hirshleifer, Amihai Glazer | |
| 260 | |a Hà Nội | ||
| 260 | |b KHKT | ||
| 260 | |c 1996 | ||
| 650 | |a microeconomics,prices | ||
| 980 | |a Trung tâm Học liệu Trường Đại học Cần Thơ | ||